Sports Quiz

Random Sports Quiz

Los Angeles Clippers 2017 Playoff Roster Quiz Stats

 Plays Quiz not verified by Sporcle

Challenge
Share
Tweet
Embed
Score 0/16 Timer 05:00
0 Plays Today
Position Player % Correct
PGChris Paul
100%
PFBlake Griffin
100%
CDeAndre Jordan
100%
SGJ.J. Redick
95.5%
SFLuc Mbah a Moute
95.5%
(Bench) SGJamal Crawford
95.5%
(Bench) PG/SGAustin Rivers
95.5%
---COACH---Doc Rivers
95.5%
Position Player % Correct
(Bench) SG/SFWesley Johnson
77.3%
(Bench) SF/PFBrice Johnson
77.3%
(Bench) SFPaul Pierce
72.7%
(Bench) PGRaymond Felton
72.7%
(Bench) PF/CMarreese Speights
68.2%
(Bench) CDiamond Stone
45.5%
(Bench) PFBrandon Bass
36.4%
(Bench) SGAlan Anderson
18.2%

You're not logged in!

Compare scores with friends on all Sporcle quizzes.
Join for Free
OR
Log In

You Might Also Like...

Show Comments

Extras

Top Quizzes Today


Score Distribution

Your Account Isn't Verified!

In order to create a playlist on Sporcle, you need to verify the email address you used during registration. Go to your Sporcle Settings to finish the process.

Report this User

Report this user for behavior that violates our Community Guidelines.

Details: